| 000 | 00351nam a2200133Ia 4500 | ||
|---|---|---|---|
| 005 | 20251127144254.0 | ||
| 008 | 251127s9999 xx 000 0 und d | ||
| 020 | _a9781626760073 | ||
| 082 | _a327.7305 MAR-N | ||
| 100 | _aMarkey, Daniel Seth | ||
| 245 | 0 | _aNo Exit from Pakistan: | |
| 260 |
_aNew York _bCambridge University Press _c2013 |
||
| 942 | _cBK | ||
| 999 |
_c31281 _d31281 |
||